Dynamika a regulace parních kotlů /

Salvato in:
Dettagli Bibliografici
Autori principali: Karták, Ján (Autore), Janeba, Břetislav (Autore), Šula, Oldřich (Autore)
Natura: Libro
Pubblicazione: Praha : SNTL, 1981
Tags: Aggiungi Tag
Nessun Tag, puoi essere il primo ad aggiungerne!!

MARC

LEADER 00000nam a22000003a 4500
001 stu48183
005 20150617225712.0
008 ------s1981----cs----------------------d
040 |a STU  |b slo 
041 0
044 |a cs 
080 |a 621.18 - 5  |7 A000053570 
100 1 |a Karták, Ján  |4 aut 
245 1 |a Dynamika a regulace parních kotlů /  |c [aut.] Karták,J.; Janeba,B.; Šula,O 
260 |a Praha :  |b SNTL,  |c 1981 
300 |a 276 s 
700 1 |a Janeba, Břetislav  |4 aut 
700 1 |a Šula, Oldřich  |4 aut 
996 |b J82507  |c J*82507/K 11  |l JJK11  |s P  |a 0  |w stu48183_0001 
996 |b E50724  |c E*50724  |l EE15  |s P  |a 0  |w stu48183_0002